Дело о распространении на учителей начальных училищ Варшавского учебного округа права вносить складку с действительно производящ...

Доступно только в Электронных читальных залах Найти на картеНа карте
RUSMARC
00003881nmc2a22000003x 450
001b4d18603-8eee-4c58-8f31-9a523e2c0f87
00520210211145719.0
100##$a20190610l18731879k l0rusy0189 ca
1010#$arus
102##$aRU
2001#$aДело о распространении на учителей начальных училищ Варшавского учебного округа права вносить складку с действительно производящихся им окладов жалованья для предоставления им права на получение эмеритальной пенсии
$j3 августа 1873 г. - 17 ноября 1879 г.
251##$cДело
300##$aДело
801#0$aRU
$bРГИА
$c20190610
$gRCR
801#1$aRU
$bГлавНИВЦ
$c20190610
$2rusmarc
801#2$aRU
$bПБ им. Б.Н. Ельцина
$c20210211
$gRCR
$2rusmarc
850##$aРГИА
852##$aРГИА
$eФедеральное казенное учреждение "Российский государственный исторический архив" (РГИА)
$j804
937##$hРГИА
$d12298614
$aASBIBLIO_SCAN
462#0$100149b8f3c6-c11a-48a7-8b8d-2a3d0c35e32e
$12001
$aДела разряда учительских семинарий и начальных училищ Департамента народного просвещения за 1838-1880 гг
$1251
$cОпись
$1852
$j170
461#0$1001a74412a3-3cc5-4d21-8f0a-dfe2fbd9e72d
$12001
$aДепартамент народного просвещения Министерства народного просвещения (1803-1917)
$1251
$cФонд
$1852
$j733
215##$a17 л.
$d36,5х26 см
371##$aДокумент не является опубликованным и широко распространяемым
105##$ay###
1222#$ad
035##$ab4d18603-8eee-4c58-8f31-9a523e2c0f87
856##$uhttp://readingroom.main.prlib.ru/item.aspx?id_node=n156718578&mode=full
Формат отображения